00423nam a22001337a 450000500170000000800410001704100130005808200150007110000380008624500600012426000470018430000330023165000250026420231031100400.0231031b |||||||| |||| 00| 0 eng d aEnglish  a346.7 CON  aMcQuoid-Mason, D et al. lEnglish aConsumer Law in South Africa / cD McQuoid-Mason et al. aCape Town : bJuta and Company Ltd, c1997 bxlxvi, 386 pages ; c26 cm.  alegal practice bLaw